Czy rozpoznasz youtuberów po imieniu i nazwisku? - Statystyki

Ogólne statystyki
  • Ten quiz został rozwiązany 273 razy
  • Średni wynik to 4 z 15
Statystyki odpowiedzi
Hint Odpowiedź % Poprawnych
Tomasz Działowy Gimper
79%
Karol Wiśniewski Friz
78%
Karol Gązwa Blowek
58%
Patryk Rojewski Rojo
56%
Łukasz Samoń Mandzio
35%
Adam Wiejak Poszukiwacz
26%
Rafał Górniak Takefun
14%
Maciej Frączyk Niekryty Krytyk
9%
Remigiusz Wierzgoń Rezigiusz, Rezi
3%
Sergiusz Górski TheNitroZyniak, Nitro
3%
Jakub Chuptyś Gargamel, GargamelVlog
2%
Szymon Kasprzyk Isamu, Isamuxpompa
2%
Sylwester Wardega Wardęga, wataha
2%
Filip Panek YoshihitoMayoshe, Yoshi
2%
Maciej Dąbrowski Z Dupy, Z Dvpy
2%
Nie znaleziono quizów pasujących do podanych kryteriów
Rozkład punktacji
Procent ludzi z każdym wynikiem
Percentyl według liczby udzielonych odpowiedzi
Twoja historia wyników
Nie rozwiązałeś tego quizu